Analýza, spôsoby oceňovania a účtovné zobrazenie jednotlivých spôsobov získania dlhodobého majetku v účtovnej jednotke bakalárska práca

Gespeichert in:
Bibliographische Detailangaben
1. Verfasser: Túryová, Dominika
Körperschaft: Fakulta hospodárskej informatiky EU. Katedra účtovníctva a audítorstva
Weitere Verfasser: Šumanová, Radka, 1991-
Format: Buch
Sprache:Slowakisch
Veröffentlicht: Bratislava 2017
Tags: Tag hinzufügen
Keine Tags, Fügen Sie das erste Tag hinzu!

MARC

LEADER 00000nbm a2200000 4500
001 0235512
005 20180412143647.4
041 0 |a slo 
044 |a SK 
245 1 0 |a Analýza, spôsoby oceňovania a účtovné zobrazenie jednotlivých spôsobov získania dlhodobého majetku v účtovnej jednotke  |b bakalárska práca  |c Dominika Túryová ; školiteľ: Radka Šumanová 
264 1 |a Bratislava  |c 2017 
300 |a 47 s. 
100 1 |a Túryová, Dominika 
700 1 |a Šumanová, Radka, 1991- 
710 2 |a Fakulta hospodárskej informatiky EU. Katedra účtovníctva a audítorstva